Datum a čas kvízu
28
Celkem bodů
Celkový počet nahraných bodů na tomto kvízu bez doplňovacích otázek.
11.
Pořadí na kvízu
Konečné umístění týmu na tomto kvízu.
Zaznamenané odpovědi
| # | Otázka | Odpověď | Body | Výsledky |
|---|---|---|---|---|
| 1. | V Praze byl minulý týden na ve... | z paluby Titaniku | 1 | |
| 2. | Římská radnice minulý týden oz... | fontána di Trevi | 1 | |
| 3. | Která 45letá česká herečka se... | Anna Polívková | 1 | |
| 4. | Minulý týden jsme se dozvěděli... | rýže | 1 | |
| 5. | Ve středu byla poblíž sídla Če... | Věra Čáslavská, David Černý | 1 | |
| 6. | Který velmi rozlehlý stát byl... | Austrálie | 0 | |
| 7. | Pod kterým, dnes už spíše zast... | Habeš | 1 | |
| 8. | Napište bývalý název Bratislav... | Prešpurk/Prešporok/Prešporek; 1919 (1914–1924) | 1 | |
| 9. | Roku 1868 se město Edo přejmen... | Tokio | 1 | |
| 10. | Zhruba rok po vyhlazení českýc... | o Panamu | 0 |